Research for development in the dry Arab region (Record no. 56298)
[ view plain ]
| 000 -LEADER | |
|---|---|
| fixed length control field | 00745nam a2200205 a 4500 |
| 008 - FIXED-LENGTH DATA ELEMENTS--GENERAL INFORMATION | |
| fixed length control field | 061107s2006 ||||||||||||||||| || u |
| 020 ## - INTERNATIONAL STANDARD BOOK NUMBER | |
| International Standard Book Number | 9839054465 |
| 050 ## - LIBRARY OF CONGRESS CALL NUMBER | |
| Classification number | HC 415.15 Ham. |
| 100 ## - MAIN ENTRY--PERSONAL NAME | |
| Personal name | Hamadeh, Shadi |
| 245 10 - TITLE STATEMENT | |
| Title | Research for development in the dry Arab region |
| 246 ## - VARYING FORM OF TITLE | |
| Title proper/short title | the cactus flower |
| 260 ## - PUBLICATION, DISTRIBUTION, ETC. | |
| Place of publication, distribution, etc. | Ottawa |
| Name of publisher, distributor, etc. | IDRC |
| Date of publication, distribution, etc. | 2006 |
| 300 ## - PHYSICAL DESCRIPTION | |
| Extent | xvi ; 123p. ; ill. |
| 350 ## - PRICE (NR) (BK AM CF MU VM SE) [OBSOLETE] | |
| Price | 0.00 |
| 650 ## - SUBJECT ADDED ENTRY--TOPICAL TERM | |
| Topical term or geographic name entry element | LEBANON--SOCIAL LIFE AND CUSTOMS--RESEARCH |
| 650 #0 - SUBJECT ADDED ENTRY--TOPICAL TERM | |
| Topical term or geographic name entry element | ECONOMICS |
| 650 ## - SUBJECT ADDED ENTRY--TOPICAL TERM | |
| Topical term or geographic name entry element | LEBANON--ECONOMIC CONDITIONS--RESEARCH |
| 700 ## - ADDED ENTRY--PERSONAL NAME | |
| Personal name | Haidar, Mona Zurayk, Rami |
| 995 ## - RECOMMENDATION 995 [LOCAL, UNIMARC FRANCE] | |
| -- | 0.00 |
| -- | CBU-MAIN LIBRARY (Kitwe) |
| -- | 1 |
| -- | 0.00 |
| -- | 1 |
| -- | AVAILABLE |
| -- | Nov 7, 2006 |
| -- | Main Library Open Access Collection |
| Withdrawn status | Lost status | Source of classification or shelving scheme | Damaged status | Not for loan | Home library | Current library | Shelving location | Date acquired | Total Checkouts | Full call number | Barcode | Date last seen | Price effective from | Koha item type |
|---|---|---|---|---|---|---|---|---|---|---|---|---|---|---|
| CBU-MAIN LIBRARY, KITWE. | CBU-MAIN LIBRARY, KITWE. | 11/30/2022 | HC 415.15 Ham. | 52638 | 11/30/2022 | 11/30/2022 | MONOGRAPH |